000 00455nam a2200181Ia 4500
008 240510s9999 xx 000 0 und d
020 _a0009559682881
041 _asih
082 _a891.483
082 _bD59
100 _aDOYLE;Arthur Conan: Trans:MENDIS,Chandana.
245 0 _aDiyamanthi Otunna (The Adventures Of Sherlock Holmes-2)
260 _bKotte,Chandana Mendis
260 _c2011
300 _a263 p.
942 _2ddc
942 _cLBK
999 _c28715
_d28715
945 _a1
_bMadushi Gamage
_c1
_dMadushi Gamage